| 000 | 01141cab a22002295a 4500 | ||
|---|---|---|---|
| 001 | L148393 | ||
| 008 | 090914e20090905xxkdo f 000 0 eng d | ||
| 035 | _a(Sirsi) u148393 | ||
| 041 | 0 | _aeng | |
| 100 | 1 | _aElghamry, Nadia | |
| 245 | 0 | 0 |
_aFocus _bCambs, Norfolk and Suffolk |
| 260 | _v2009 | ||
| 490 | 0 |
_aEstates Gazette _v(935) 5 September 2009, 77-85(7) |
|
| 520 | _aLaunching on 23 October 2009, has Cambridgeshire's guided busway the potential to raise rents? Suffolk secondary rents are increasing as occupiers lower their aspirations but Norwich's office market is suffering from a surfeit of second-hand space. Charts cover office and retail rents and take-up in the region, industrial statistics for Cambridge, Ipswich and Norwich. Table ranks Cambridge agents. An updated East of England sentiment survey shows the consensus view shifting from the market being in the full grips of recession to reaching a floor. | ||
| 590 | _aKA | ||
| 651 | 4 | _aCambridgeshire | |
| 651 | 4 | _aNorfolk | |
| 651 | 4 | _aSuffolk | |
| 690 | _aPROPERTY-COMMERCIAL PROPERTY-COMMERCIAL PROPERTY MARKET | ||
| 700 | 1 | _aMeadwell, Stacey | |
| 942 | _n0 | ||
| 999 |
_c81816 _d81816 |
||